000 004590000a22001690004500
003 MACL
005 20151028130919.0
008 151028b xxu||||| |||| 00| 0 eng d
040 _aMACL
_cMACL
041 _aEnglish
082 _a745/JAI
100 _aJain, P. C.
_917138
245 _aThe Magic Makers
_bFolk and Tribal Arts
260 _bAcademy of fine arts and literature
_c2009
_aNew Delhi
650 _aDecorative Arts
_97454
942 _cBK
_k745/JAI
_2ddc
999 _c44709
_d44709